000 00872nas a2200301 4500
001 BR2015000594
003 BR-BrBNA
005 20231205124949.0
007 ta
008 230509b bl.|||p| |||| 00| 00por d
040 _aBR-BrBNA
_bpor
_cBiblioteca Nacional de Agricultura
041 _a(En)
072 _aF62
100 1 _aMarques, B.S.
100 1 _aSilva, A.P.P.
100 1 _aLima, R.S.O.
100 1 _aMachado, E.C.R.
100 1 _aGonçalves, M.F.
100 1 _aCarvalho, S.J.P.
245 1 _aGrowth and development of sourgrass based on days or thermal units
650 _aCAPIM GORDO
650 _aFENOLOGIA
650 _aCRESCIMENTO
650 _aBIOLOGIA VEGETAL
773 0 _tPlanta Daninha (Brazil)
_xISSN 0100-8358
_g(Jul-Sep 2014), v. 32(3) p. 483-490
_wBR2015000594
909 _a202311
_bLúcia
_c55
_dLúcia Elande
942 _2AGRIS
_n0
_cANA
999 _c241868
_d241868